000 00472nam a2200205Ia 4500
003 OSt
005 20220918191322.0
006 a|||||r|||| 00| 0
007 ta
008 220917b |||||||| |||| 00| 0 eng d
024 _a62,557
037 _cTextual
040 _aARTS
_cARTS
_beng
041 _2eng
_aeng
082 _aQ457, K6
245 0 _aNichiren Shoshu sokagakkai
260 _c1966
942 _hQ457, K6
_cTEXL
_2CC
999 _c189234
_d189234